Responses for Show #9077 - Tuesday, April 9, 2024

2024 Jeopardy! Invitational Tournament final game 3.

Contestants

[<< previous game]

Andrew He, a stay-at-home dad from Concord, California

Victoria Groce, a writer and television personality from Pittsburgh, Pennsylvania

Amy Schneider, a writer from Oakland, California

[next game >>]

Jeopardy! Round responses

WORLD CITIES
VAN LIFE
WORDS THAT GO UP TO 11
(Ken: Each has 11 letters.)
LOOKS LIKE WE'RE IN BUSINESS
MUSICAL GENRE MASTERS
LITERARY LINES
    $200 30
Wales

Andrew
    $200 29
dollar vans

Triple Stumper
    $200 28
equilateral

Andrew
    $200 27
UPS

Victoria
    $200 25
Green Day

Victoria
    $200 26
the game of thrones

Amy
    $400 11
La Plata

Andrew
    $400 21
vanguard

Victoria
    $400 19
the knuckleball

Victoria
    $400 22
Sara Lee

Andrew
    $400 24
honky-tonk

Andrew
    $400 23
Cat on a Hot Tin Roof

Victoria
    $600 3
Osaka

Victoria
    $600 20
Van Jones

Andrew
    $600 18
muttonchops

Amy
    $600 15
Petco

Victoria
    $600 1
trip-hop

Victoria
    $600 4
Dylan Thomas

Amy
    $800 2
Baku

Victoria
    $800 17
a Van Dyke

Victoria
    $800 16
Anglophilia

Victoria
    $800 14
Dick's

Amy
    $800 5
Living Colour

Victoria
    $2,800 6
(Victoria: What is the rest is silence?)
(Ken: No, sorry, earlier in the play, it's Polonius, [*].)
(Victoria: Oh, of course.)

to thine own self be true

Victoria
    $1000 7
Morocco

Andrew
    $1000 8
the Van Allen belts

Victoria
    $1000 12
(Ken: Not a benediction, but a [*].)

malediction

Victoria
    $1000 13
(Ken: Also new to me, what is [*]?)

Grainger

Triple Stumper
    $1000 10
Brian Eno

Amy
    $1000 9
(Ogden) Nash

Amy

Scores at the first commercial break (after clue 15):

Amy Victoria Andrew
$3,400 $2,600 $1,400

Scores at the end of the Jeopardy! Round:

Amy Victoria Andrew
$4,200 $5,800 $3,200

Double Jeopardy! Round responses

ANCIENT HISTORY
REBOOTS & REMAKES
NOBEL PRIZES
THE MEASURE OF A MAN
OPERA SETTINGS
KNEEL BEFORE ZED
(Ken: These words begin with the letter "Z" but they also come alphabetically before the word "zed".)
    $400 30
a stadium

Amy
    $400 29
Hawaii Five-0

Amy
    $400 28
tweezers

Amy
    $400 27
a volt

Andrew
    $400 26
Hansel and Gretel

Andrew
    $400 25
zebra

Amy
    $800 6
(Andrew: What is coffee?)
...
(Victoria: Oh, really?)

the avocado

Andrew
Triple Stumper
    $800 22
MacGyver

Amy
    $800 5
Iran

Victoria
    $800 23
Kelvin

Victoria
    $800 24
Salieri

Victoria
    $800 13
a zealot

Victoria
    $1200 2
the Philistines

Victoria
    $1200 21
Raven

Amy
    $1200 4
mRNA

Victoria
    $1200 11
a Brannock Device

Victoria
    $6,200 9
(Amy: Gotta bet it all.)
(Ken: You don't seem excited.)
(Amy: I'm okay at opera, we'll see.)
...
(Amy: What is, uh... Southwark?)
(Ken: No, I'm sorry, it's adapted from The Merry Wives of [*].)

Windsor

Amy
    $1200 12
zaftig

Victoria
    $1600 1
the Grand Canal

Andrew
    $1600 20
I Am Legend

Andrew
    $1600 3
(Claudia) Goldin

Victoria
    $6,000 16
(Victoria: What is henry?)
(Ken: No, I'm sorry, Michael Faraday gave us [*].)

the farad

Victoria
    $1600 10
Boris Godunov

Andrew
    $1600 14
Zapata

Amy
    $2000 8
the Scythians

Amy
    $2000 19
(Victoria: What is Good Morning, Mr... Montgomery?)
...
(Ken: I think it stars Robert Montgomery, but it's called [*].)

Here Comes Mr. Jordan

Victoria
Triple Stumper
    $2000 7
(Alice) Munro

Andrew
    $2000 18
becquerel

Amy
    $2000 17
Gounod

Victoria
    $2000 15
the Zapotec

Victoria

Scores at the end of the Double Jeopardy! Round:

Amy Victoria Andrew
$7,200 $11,400 $10,000

[wagering suggestions for these scores]

Final Jeopardy! Round responses

BODIES OF WATER
(Ken: [To Amy] Yes, that's the little tiny sea in between the Mediterranean and the Black Sea in Turkey; we have a spelling error there, but it's a vowel, so the pronunciation doesn't change.)
AmyWhat is the Sea of Marmora?
$1,400
AndrewWhat is the Sea of Marmara?
$4,401
VictoriaWhat is the Sea of Marmara? Hi, Nora!
$8,601
the Sea of Marmara

Final scores:

Amy Victoria Andrew
$8,600 $20,001 $14,401
3rd place: 1st runner-up: $50,000 Winner: $100,000 + advance to Jeopardy! Masters 2nd place: 2nd runner-up: $25,000

Game dynamics:

Coryat scores:

Amy Victoria Andrew
$13,400 $20,200 $10,000
15 R,
1 W
(including 1 DD)
25 R,
3 W
(including 2 DDs)
13 R,
1 W

Combined Coryat: $43,600

[game clues] [game scores] [suggest correction]

Game tape date: 2024-02-28
The J! Archive is created by fans, for fans. Scraping, republication, monetization, and malicious use prohibited; this site may use cookies and collect identifying information. See terms. The Jeopardy! game show and all elements thereof, including but not limited to copyright and trademark thereto, are the property of Jeopardy Productions, Inc. and are protected under law. This website is not affiliated with, sponsored by, or operated by Jeopardy Productions, Inc. Join the discussion at JBoard.tv.